Proyecto de reforma del código civil español / (Record no. 46197)

MARC details
000 -LEADER
campo de control de longitud fija 00466nam a2200145 i 4500
001 - NÚMERO DE CONTROL
campo de control 46197
003 - IDENTIFICADOR DE NÚMERO DE CONTROL
campo de control ES-MaACL
007 - CAMPO FIJO DE DESCRIPCIÓN FÍSICA--INFORMACIÓN GENERAL
campo de control de longitud fija t|
008 - DATOS DE LONGITUD FIJA--INFORMACIÓN GENERAL
campo de control de longitud fija 030328s1895 sp ||||1| spa d
100 1# - ENTRADA PRINCIPAL--NOMBRE DE PERSONA
Nombre de persona Comas y Arqués, Augusto.
9 (RLIN) 39953
245 10 - MENCIÓN DEL TÍTULO
Título Proyecto de reforma del código civil español /
Mención de responsabilidad, etc. por Augusto Comas y Arqués.
260 ## - PUBLICACIÓN, DISTRIBUCIÓN, ETC.
Lugar de publicación, distribución, etc. Madrid :
Nombre del editor, distribuidor, etc. [s.n.,
Fecha de publicación, distribución, etc. 1895] (
Fabricante Imprenta y Litografía de los Huérfanos)
300 ## - DESCRIPCIÓN FÍSICA
Extensión LXI, 347 p. ;
Dimensiones 25 cm.
852 ## - LOCALIZACIÓN
Ubicación ES-MaACL
Número de control de estantería B-5004
Holdings
Estatus retirado Estado de pérdida Estado de daño No para préstamo Colección Biblioteca de origen Biblioteca actual Ubicación en estantería Fecha de adquisición Fuente de adquisición Total de préstamos Signatura topográfica completa Código de barras Visto por última vez Precio de reemplazo Tipo de ítem Koha
        Libros del s. XIX Biblioteca del Ateneo de Madrid Biblioteca del Ateneo de Madrid Sala Pardo Bazán 17/01/2008     B-5004 1048594 23/02/2023 23/02/2023 Libro impreso antiguo